Ancient Egyptian jewelry : 50 masterpieces of art and design /

محفوظ في:

المؤلف الرئيسي: Fletcher-Jones, Nigel (مؤلف)

التنسيق: كتاب

اللغة: English

منشور في: Cairo : The American University in Cairo Press, 2020.

الموضوعات:

الوسوم: إضافة وسم

لا توجد وسوم, كن أول من يضع وسما على هذه التسجيلة!

رقم الطلب: NK7307.15 .F54 2020

LEADER 00803nam a22002537a 4500
003 OSt
005 20260201115546.0
008 010226t2020 ua ab b 000 0 eng c
020 |a 9774169654 
020 |a 9789774169656 
035 |a (OCoLC)1110668914 
040 |c ARCE Library 
042 |a pcc 
050 1 4 |a NK7307.15  |b .F54 2020 
100 1 |a Fletcher-Jones, Nigel,  |e author 
245 1 0 |a Ancient Egyptian jewelry :   |b 50 masterpieces of art and design /   |c Nigel Fletcher Jones. 
264 1 |a Cairo :  |b The American University in Cairo Press,  |c 2020. 
300 |a 112 pages :  |b color illustrations, color map ;  |c 22 cm. 
504 |a Includes bibliographical references. 
650 0 |a Jewelry, Ancient  |z Egypt. 
651 0 |a Egypt  |x Antiquities. 
901 |a reviewed 
942 |2 lcc  |c BK 
999 |c 59257  |d 59257